SIGNPOSTS TO LITERACY FOR sustainable development (Record no. 8853)

MARC details
000 -LEADER
fixed length control field 00471nam a22001697a 4500
003 - CONTROL NUMBER IDENTIFIER
control field OSt
005 - DATE AND TIME OF LATEST TRANSACTION
control field 20240625160657.0
008 - FIXED-LENGTH DATA ELEMENTS--GENERAL INFORMATION
fixed length control field 240625b |||||||| |||| 00| 0 eng d
040 ## - CATALOGING SOURCE
Transcribing agency MUST
082 ## - DEWEY DECIMAL CLASSIFICATION NUMBER
Classification number 338.927 BHO 2008
100 ## - MAIN ENTRY--PERSONAL NAME
Personal name Bhola, Harbans S
9 (RLIN) 17889
245 ## - TITLE STATEMENT
Title SIGNPOSTS TO LITERACY FOR sustainable development
Remainder of title complementary studies
Statement of responsibility, etc. Harbans S, Bhola
300 ## - PHYSICAL DESCRIPTION
Extent 171p.
Dimensions 21cm
504 ## - BIBLIOGRAPHY, ETC. NOTE
Bibliography, etc Bibliography
651 ## - SUBJECT ADDED ENTRY--GEOGRAPHIC NAME
Source of heading or term Adullt Literacy
942 ## - ADDED ENTRY ELEMENTS (KOHA)
Source of classification or shelving scheme Dewey Decimal Classification
Koha item type Open Shelf
Holdings
Withdrawn status Lost status Source of classification or shelving scheme Damaged status Not for loan Home library Current library Date acquired Source of acquisition Inventory number Total Checkouts Full call number Barcode Date last seen Price effective from Koha item type
    Dewey Decimal Classification     MUST Main Library MUST Main Library 25/06/2024 Purchase 14/38398   338.927 BHO 2008 2024-21333 25/06/2024 25/06/2024 Open Shelf
    Dewey Decimal Classification     MUST Main Library MUST Main Library 03/07/2024 Donation 14/38430   338.927 BHO 2008 2024-21722 03/07/2024 03/07/2024 Open Shelf